MARC

LEADER 00000nam0a2200000 4500
001 263825
005 20231101233757.0
035 |a (RuTPU)RU\TPU\book\286815 
090 |a 263825 
100 |a 20140611d1977 k y0rusy50 ca 
101 0 |a rus 
102 |a RU 
105 |a a z 001zy 
200 1 |a Расчет колебаний молекул  |f Г. С. Коптев, Ю. А. Пентин 
210 |a Москва  |c Изд-во Московского ун-та  |d 1977 
215 |a 208 с.  |c ил. 
320 |a Библиогр.: с. 203-206. 
606 1 |a Молекулы  |x Колебания  |2 stltpush  |3 (RuTPU)RU\TPU\subj\67319  |9 83163 
610 1 |a задачи 
610 1 |a модели 
610 1 |a выбор 
610 1 |a кинетическая энергия 
610 1 |a симметрия 
610 1 |a свойства 
610 1 |a решения 
610 1 |a изотопический эффект 
610 1 |a силовые поля 
610 1 |a силовые постоянные 
610 1 |a матричные методы 
610 1 |a библиотека А. Г. Стромберга 
675 |a 539.194  |v 3 
700 1 |a Коптев  |b Г. С.  |g Гавриил Сергеевич 
701 1 |a Пентин  |b Ю. А.  |g Юрий Андреевич 
801 1 |a RU  |b 63413507  |c 20140611 
801 2 |a RU  |b 63413507  |c 20180605  |g RCR 
942 |c BK